000 00521nmm a2200169Ia 4500
008 251105s9999||||xx |||||||||||||||||und||
020 _a9788413052755
041 _aspa
100 _aOrtega Cervigón, José Ignacio
245 0 _aBreve historia de la Corona de Castilla N.E. color
264 _a[Madrid, España] :
_bEdiciones Nowtilus,
_c2022
300 _a350 páginas
490 _aBreve historia
650 _aHistory of Europe: Spain
856 _uhttps://public.digitaliapublishing.com/a/171941
942 _cCF
999 _c76366
_d76366